Senior secondary school Mathematics / (Record no. 140715)

MARC details
000 -LEADER
fixed length control field 00579nam a22001937a 4500
005 - DATE AND TIME OF LATEST TRANSACTION
control field 20170703105239.0
010 ## - LCCN (DPL NO)
LC control number ENG-118544
020 ## - INTERNATIONAL STANDARD BOOK NUMBER
International Standard Book Number 9789350271476
Terms of availability 485.00
035 ## - SYSTEM CONTROL NUMBER
System control number EN-102076
037 ## - SOURCE OF ACQUISITION
Source of stock number/acquisition DBAD/PUB
082 ## - DEWEY DECIMAL CLASSIFICATION NUMBER
Classification number 510
100 ## - MAIN ENTRY--PERSONAL NAME
Personal name Aggarwal, R. S.
245 ## - TITLE STATEMENT
Title Senior secondary school Mathematics /
Statement of responsibility, etc by R. S. Aggarwal
260 ## - PUBLICATION, DISTRIBUTION, ETC. (IMPRINT)
Place of publication, distribution, etc New Delhi
Name of publisher, distributor, etc Bharti Bhawan (Publishers & Distributors)
Date of publication, distribution, etc 2017
270 ## - ADDRESS
Address 4271/3 Ansari Road Daryaganj
City New Delhi
Postal code 110002
300 ## - PHYSICAL DESCRIPTION
Extent X,1150.
Dimensions 21cm(pbk)
500 ## - GENERAL NOTE
General note
942 ## - ADDED ENTRY ELEMENTS (KOHA)
Source of classification or shelving scheme Dewey Decimal Classification
Item type English Books
Call number suffix AGG
Classification part 510
Holdings
Withdrawn status Lost status Not for loan Collection code Home library Current library Date acquired Source of acquisition Cost, normal purchase price Full call number Barcode Copy number Cost, replacement price Koha item type
      Non-fiction Shahdara Branch Shahdara Branch 02/06/2017 DBAD/PUB. 485.00 510 AGG EN-102076 1 485.00 English Books

© Delhi Public Library
Hit Counter
free hit counter